El reino Nasrí de Granada: 1232-1492

Sábháilte in:
Sonraí bibleagrafaíochta
Príomhchruthaitheoir: Arié, Rachel (Údar)
Formáid: LEABHAR
Teanga:Spáinnis
Foilsithe / Cruthaithe: Madrid, España MAPFRE 1992
Sraith:Colección Al-Andalus XVIII, 9
Ábhair:
Clibeanna: Cuir clib leis
Níl clibeanna ann, Bí ar an gcéad duine le clib a chur leis an taifead seo!

MARC

LEADER 00000nam a2200000 a 4500
001 UCX6890
003 CL-VaPUC
005 20200514205624.0
008 930827e19920000SP |||||||||||||||||spa|d
999 |c 226831  |d 226829 
040 |c Pontificia Universidad Católica de Valparaíso 
082 0 4 |a 946.02 ARI 1992  |2 21 
100 0 |a Arié, Rachel  |e author  |9 323559 
245 1 3 |a El reino Nasrí de Granada:  |b  1232-1492 
260 |a Madrid, España  |b MAPFRE  |c 1992 
300 |a 304 páginas 
490 0 |a Colección Al-Andalus XVIII,  |v  9 
583 |a last modification  |c 19930827 00:00:00  |k Rodrigo Vera 
650 7 |a DOMINACION ARABE  |2 CL-VaPUC  |9 323541  |y 711-1492  |z GRANADA  |z ESPAÑA 
852 |a BIBCUR 
942 |c BK  |2 ddc 
945 |d 19930827 00:00:00 
952 |0 0  |1 0  |2 ddc  |4 0  |6 946_020000000000000_ARI_1992  |7 0  |8 A  |9 225447  |a BIBHIS  |b BIBHIS  |d 2019-11-15  |i 2941449  |l 1  |o 946.02 ARI 1992  |p 2941449  |r 2025-01-20  |s 2022-11-10  |t 1  |w 2019-11-15  |y BK  |k HIS